Okresy Považská Bystrica, Púchov a Ilava v tlači 2001 bibliografická ročenka 1. časť

Bibliographic Details
Main Author: Zelenáková, Alena (Compiler)
Corporate Author: Považská knižnica v Považskej Bystrici (vyd)
Other Authors: Hipíková, Anna (Compiler)
Format: Book
Language:Slovak
PhysicalDescription:184 s. 21x15 cm
Published: Považská Bystrica Považská knižnica 2001
Subjects:

MARC

LEADER 00000nam a2200000 a 4500
001 vtls001419825
003 SK-MaSNL
005 20260331204134.0
008 160401s2001 xo y 0 slo
015 |a SNBSAB2001-00131 
035 |a SNK000374653 
040 |a SNK  |b slo  |c SNK  |e AACR2 
041 0 |a slo 
044 |a xo  |c SK 
080 |a 015(437.653)"2001"  |2 1981 
100 1 |a Zelenáková, Alena  |4 zos  |9 8812 
245 1 |a Okresy Považská Bystrica, Púchov a Ilava v tlači 2001  |b bibliografická ročenka  |n 1. časť  |c [zostavila: Alena Zelenáková, Anna Hipíková] 
260 |a Považská Bystrica  |b Považská knižnica  |c 2001 
300 |a 184 s.  |c 21x15 cm 
504 |a Usporiadanie podľa MDT. Reg. men., geografický a predm. 906 zázn. s predm. heslom o čl., kn. a zbor. v slov. 
521 |a Určené pre používateľov vlastnej knižnice a odbornú verejnosť 
648 7 |a 2001  |2 SNK  |9 296180 
650 0 7 |a politický život  |2 SNKPH  |9 74723 
650 0 7 |a kultúrny život  |2 SNKPH  |9 3182 
650 0 7 |a hospodársky život  |2 SNKPH  |9 296708 
650 0 7 |a spoločenský život  |2 SNK  |9 28654 
651 7 |a Považská Bystrica (Slovensko : okres)  |2 SNK  |9 51831 
651 7 |a Púchov (Slovensko : okres)  |2 SNK  |9 72748 
651 7 |a Ilava (Slovensko : okres)  |2 SNK  |9 31399 
655 7 |a neperiodické bibliografie  |2 SNK  |9 60408 
700 1 |a Hipíková, Anna  |4 com  |9 386107 
710 0 |a Považská knižnica v Považskej Bystrici  |4 vyd  |9 132266 
958 |a SF 
958 |a RG 
958 |a RM 
999 |c 984639  |d 986569 
952 |t P60, <06>, [BOOK], {606}  |a SNK  |b SNK  |y PREZ  |7 0  |p 17A0336101  |o snkČB 3242/2001.1  |i snkKSP 2618/2002  |0 0  |1 1  |4 0  |d 2002-03-06  |l 0  |r 2005-01-02 00:00:00  |w 2026-02-24